• 首页
  • 本馆介绍
  • 公告通知
  • 最新文献
  • 馆藏检索
  • 电子资源
  • 读者导购
  • 参考咨询
  • 我的图书馆
  • 登录
  • 详细信息显示
  • 放入我的书架
  • 预约/预借图书
  • 作者相关作品
  • 分类相关作品
  • 丛书相关作品
  • 出版社相关作品

书目信息

  • 表格格式
  • 工作单格式
  • 卡片格式
题名:
周易八卦健康案例精典
    
 
作者: 李计忠 著
分册:  
出版信息: 北京   团结出版社  2010
页数: 315页
开本: 23cm
丛书名: 李计忠解《周易》系列
单 册:
中图分类: B221.5 , B992.2
科图分类:
主题词: 八卦--研究 , 八卦
电子资源:
ISBN: 978-7-80214-304-3
000 01064nam0 2200313 450
001 523
005 20140904160313.76
010    @a978-7-80214-304-3@dCNY39.80
100    @a20101129d2010 em y0chiy50 ea
101 0  @achi
102    @aCN@b110000
105    @ay z 000yy
106    @ar
200 1  @a周易八卦健康案例精典@AZhou Yi Ba Gua Jian Kang An Li Jing Dian@f李计忠著@FLi Ji Zhong Zhu
210    @a北京@c团结出版社@d2010
215    @a315页@d23cm
225 2  @a李计忠解《周易》系列
308    @a系列第二辑
330    @a本书通过讲解李计忠先生大量的预测实例,透切地分析了如何运用其独创的六爻八卦一卦多断的高级技法。书中详细地介绍了十二地支与爻位的用法、六神与六亲的用法、三飞的用法等,透解如何运用八卦分析阴阳宅风水和诊断疾病信息的问题。
461  0 @12001 @a李计忠解《周易》系列
605    @a《周易》@x研究
605    @a《周易》
606 0  @a八卦@x研究
606 0  @a八卦
690    @aB221.5@v5
690    @aB992.2@v5
701  0 @a李计忠@ALi Ji Zhong@f(1953~)@4著
801  0 @aCN@bTANGWEI@c20140603
905    @b0842348-50@dB221.5@e458@f3
    
    周易八卦健康案例精典/李计忠著.-北京:团结出版社,2010
    315页;23cm.-(李计忠解《周易》系列)
    
    
    ISBN 978-7-80214-304-3:CNY39.80
    本书通过讲解李计忠先生大量的预测实例,透切地分析了如何运用其独创的六爻八卦一卦多断的高级技法。书中详细地介绍了十二地支与爻位的用法、六神与六亲的用法、三飞的用法等,透解如何运用八卦分析阴阳宅风水和诊断疾病信息的问题。
●
相关链接 在E读中查询图书 在五车中查询图书 在当当中查询图书 在豆瓣中查询图书


正题名:周易八卦健康案例精典     索取号:B221.5/458         预约/预借

序号 登录号 条形码 馆藏地/架位号 状态 备注
1 0842348   208423482   第一样本阅览室/ [索取号:B221.5/458] 在馆    
2 0842349   208423491   第一借阅区/ [索取号:B221.5/458] 在馆    
3 0842350   208423507   第一借阅区/ [索取号:B221.5/458] 在馆    
唐山师范学院图书馆 欢迎您!
大连网信软件有限公司© 版权所有